000 00808nam a22001577a 4500
003 OSt
005 20151104162622.0
008 151104b xxu||||| |||| 00| 0 eng d
040 _cRUA
082 _aFOR CHH 1999 B126 Or.1
100 _93376
_aCHHIN, THY.
245 _aStudy on possibility of energy source utilization from wood plants in forest community srie ronong commune tramkok district takeo province, សិក្សាពីលទ្ធភាពនៃការប្រើប្រាស់ប្រភពតាមពលពីរុក្ខជាតិឈើ នៅសហគមន៍ព្រៃឈើ ឃុំស្រែរនោង ស្រុកត្រាំកក់ ​ខេត្តតាកែវ
260 _aPhnom Penh
_bRUA
_c1999
300 _a67p.
_bill.
_c29cm.
942 _2ddc
_cFOR
999 _c3149
_d3149